000 00998 a2200325 4500
003 OSt
005 20180116192353.0
008 120601t xxu||||| |||| 00| 0 eng d
010 _a 2010280839
020 _a9780714845869
020 _a0714845868
035 _a(OCoLC)ocn145082145
040 _c0
082 0 4 _a745.2
245 0 0 _aNaoto Fukasawa /
_c[edited by Naoto Fukasawa].
260 _aLondon ;
_aNew York :
_bPhaidon,
_c2007.
300 _a239 p. :
_bcol. ill. ;
_c30 cm.
600 1 0 _aFukasawa, Naoto,
_d1956-
_93700
600 1 0 _aFukasawa, Naoto,
_d1956-
_93701
600 1 0 _aFukasawa, Naoto.
_93702
650 1 0 _aIndustrial design
_93703
650 1 0 _aNew products
_93704
650 1 0 _aDesign
_93705
650 1 0 _aProduits nouveaux
_93706
650 1 0 _aDesigners
_zJapon.
_93707
650 1 0 _aIndustriedesign.
_93708
700 1 _aFukasawa, Naoto,
_d1956-
_93709
942 _aSADA
_cBK
_k745.2 NAO 2007
_2ddc
999 _c353009
_d353009